Manual de historia de la cultura /

En este libro se presenta un estudio de historia universal, a partir de las manifestaciones culturales de las distintas civilizaciones, desde la prehistoria hasta la epoca contemporánea.

Gardado en:
Detalles Bibliográficos
Autor Principal: Alvear Acevedo, Carlos (autor)
Formato: Libro
Idioma:Lingua castelá
Publicado: México : Jus, 1976, c1976
Edición:9a edición
Temas:
Etiquetas: Engadir etiqueta
Sen Etiquetas, Sexa o primeiro en etiquetar este rexistro!

MARC

LEADER 00000nam^a2200000^a^4500
001 000119889
005 20250521000000.0
009 20260310094333.81
037 |a Acervo ITESO - Biblioteca 
041 |a ESP 
082 |a 909.  |b ALV 
100 |a Alvear Acevedo, Carlos  |e (autor) 
245 1 0 |a Manual de historia de la cultura /  |c C. Alvear Acevedo. 
250 |a 9a edición 
264 4 |a México :  |b Jus,  |c 1976, c1976 
300 |a 480 p. 
336 |a texto  |b txt  |2 rdacontenido 
337 |a sin mediación  |b n  |2 rdamedio 
338 |a volumen  |b nc  |2 rdasoporte 
520 |a En este libro se presenta un estudio de historia universal, a partir de las manifestaciones culturales de las distintas civilizaciones, desde la prehistoria hasta la epoca contemporánea. 
649 |a XX 
650 |a Civilización -  |x Historia -  |x Tema Principal 
650 |a Cristianismo -  |x Historia 
650 |a Cultura -  |x Historia 
650 |a Historia Antigua 
650 |a Edad Media -  |x Historia 
650 |a Historia Moderna 
650 |a Historia Universal -  |x Tema Principal 
650 |a Antropología Cultural 
910 |a Fondo Salvador Reynoso Reynoso 
920 |a Impresos - Libros 
930 |a Fondos Especiales 
905 |a 112 
901 |a 0800005499  |b IT2  |c ESP  |u 20250521 
902 |a https://opac.biblio.iteso.mx/vufind/Record/000119889